Fisiología respiratoria

Kaydedildi:
Detaylı Bibliyografya
Yazar: West, John B (Yazar)
Materyal Türü: Kitap
Dil:İspanyolca
Baskı/Yayın Bilgisi: Buenos Aires Médica Panamericana 2007
Edisyon:7a. ed
Konular:
Etiketler: Etiketle
Etiket eklenmemiş, İlk siz ekleyin!

MARC

LEADER 00000nam a2200000 a 4500
001 UCI4489
003 CL-VaPUC
008 080118e20070000AG |||||||||||||||||spa|d
020 |a 9789500624411 
082 0 4 |a 612.2  |b WES  |2 21 
100 0 |a West, John B  |e author  |9 526414 
245 1 0 |a Fisiología respiratoria 
250 |a 7a. ed 
300 |a 192 p 
942 |c BK 
945 |d 20080118 00:00:00  |a jtorresc 
260 |a Buenos Aires  |b Médica Panamericana  |c 2007 
650 0 |a Sistema respiratorio  |9 329869 
650 0 |a Enfermedades respiratorias  |9 411174 
650 7 |a OXIGENO  |2 CL-VaPUC  |9 358321 
650 0 |a Ventiladores  |9 387654 
650 0 |a Vías respiratorias  |9 411175 
650 0 |a Fisioterapia  |9 307408 
583 |a last modification  |c 20080118 00:00:00  |k Rodrigo Vera 
999 |c 328419  |d 328417 
952 |0 0  |1 0  |4 0  |6 612_200000000000000_WES_2007  |7 0  |8 A  |9 412316  |a BIBCUR  |b BIBCUR  |d 2019-11-22  |i 4403657  |l 13  |m 5  |o 612.2 WES 2007  |p 4403657  |r 2025-04-22  |s 2024-11-05  |w 2019-11-22  |y BK  |k KIN 
952 |0 0  |1 0  |4 0  |6 612_200000000000000_WES_2007  |7 0  |8 A  |9 412317  |a BIBCUR  |b BIBCUR  |d 2019-11-22  |i 4403665  |l 16  |m 5  |o 612.2 WES 2007  |p 4403665  |r 2025-04-22  |s 2024-11-22  |w 2019-11-22  |y BK  |k KIN 
952 |0 0  |1 0  |4 0  |6 612_200000000000000_WES_2007  |7 0  |8 A  |9 412318  |a BIBCUR  |b BIBCUR  |d 2019-11-22  |i 4403673  |l 13  |m 6  |o 612.2 WES 2007  |p 4403673  |r 2025-04-22  |s 2024-11-05  |w 2019-11-22  |y BK  |k KIN